[Event "Nalchik WGP 2011"]
[Site "Nalchik RUS"]
[Date "2011.10.16"]
[Round "7"]
[White "Zhao, Xue"]
[Black "Kovalevskaya, Ekaterina"]
[Result "1/2-1/2"]
[WhiteTitle "GM"]
[BlackTitle "IM"]
[WhiteElo "2497"]
[BlackElo "2421"]
[WhiteFideId "8601283"]
[BlackFideId "4116704"]
[EventDate "2011.10.09"]

1. d4 d5 2. c4 e6 3. Nf3 c5 4. cxd5 exd5 5. Nc3 Nc6 6. g3 Nf6 7. Bg2 Be7 8. O-O
O-O 9. Bg5 c4 10. Ne5 Be6 11. b3 Qa5 12. Qd2 Rad8 13. Rfd1 Nxe5 14. dxe5 d4 15.
Ne4 Qxe5 16. Nxf6+ Bxf6 17. Bxf6 gxf6 18. Bxb7 c3 19. Qd3 Rfe8 20. Be4 Kg7 21.
Rac1 Bxb3 22. axb3 Qxe4 23. Qxe4 Rxe4 24. e3 Rb8 25. exd4 Rxb3 26. Rd3 a5 27. d5
Rc4 28. d6 Rc8 29. d7 Rd8 30. Kg2 a4 31. Rc2 Rb7 32. Rdxc3 Rbxd7 33. Ra3 Rd4 34.
Rc6 Ra8 35. Rb6 Ra5 36. h3 h5 37. Kf3 Rc4 38. Rb2 Rac5 39. Kg2 Rd5 40. Rb6 Ra5
41. Rb2 Kg6 42. Rb7 Rc2 43. Rb4 Rf5 44. Rf3 Rxf3 45. Kxf3 a3 46. Ra4 a2 47. Ra5
Rb2 48. Ke3 f5 49. Ra6+ f6 50. f3 Rb3+ 51. Kf4 Rb4+ 52. Ke3 Rb3+ 53. Kf4 Rb4+
54. Ke3 1/2-1/2

[Event "Nalchik WGP 2011"]
[Site "Nalchik RUS"]
[Date "2011.10.17"]
[Round "8"]
[White "Munguntuul, Batkhuyag"]
[Black "Ju, Wenjun"]
[Result "1-0"]
[WhiteTitle "IM"]
[BlackTitle "WGM"]
[WhiteElo "2465"]
[BlackElo "2536"]
[WhiteFideId "4900758"]
[BlackFideId "8603006"]
[EventDate "2011.10.09"]

1. e4 c5 2. Nf3 d6 3. d4 cxd4 4. Nxd4 Nf6 5. Nc3 a6 6. Be2 e5 7. Nb3 Be7 8. O-O
O-O 9. Kh1 b6 10. Be3 Bb7 11. f3 b5 12. a4 b4 13. Nd5 Nxd5 14. exd5 Nd7 15. c3
bxc3 16. bxc3 Bg5 17. Bxg5 Qxg5 18. Na5 Nc5 19. Rb1 Qe7 20. Rb6 Qc7 21. Nc4 Rad8
22. a5 f5 23. Qd2 Rf6 24. Rd1 f4 25. Qa2 e4 26. Rd4 e3 27. Nb2 Rdf8 28. Qc4 Qf7
29. Nd3 Nxd3 30. Bxd3 Re8 31. Be2 g5 32. Qb4 Bxd5 33. Rxa6 g4 34. Rxd6 gxf3 35.
gxf3 Be6 36. Rd1 Rg6 37. a6 Qf5 38. Qb5 Qxb5 39. Bxb5 Re7 40. Rb6 Bh3 41. Rxg6+
hxg6 42. Be2 Kg7 43. Rb1 Bc8 44. Kg2 Rc7 45. Rb6 Rxc3 46. a7 Ra3 47. Ra6 Bxa6
48. a8=Q Ra2 49. Kh3 Rxe2 50. Qxa6 Rf2 51. Kg4 Rxh2 52. Kxf4 e2 53. Qa1+ Kf7 54.
Kg3 Rh5 55. Qa2+ Kf6 56. Qxe2 Kf7 57. Kg4 Kf6 58. Qa6+ Kf7 59. Qc8 Kg7 60. Qe6
Rh7 61. Qe7+ Kg8 62. Qf6 Rh6 63. f4 Kh7 64. Qf7+ Kh8 65. Kg5 Rh5+ 66. Kxg6 Rg5+
67. Kf6 Rf5+ 68. Ke6 1-0

[Event "Nalchik WGP 2011"]
[Site "Nalchik RUS"]
[Date "2011.10.17"]
[Round "8"]
[White "Zhao, Xue"]
[Black "Kosintseva, Nadezhda"]
[Result "1-0"]
[WhiteTitle "GM"]
[BlackTitle "GM"]
[WhiteElo "2497"]
[BlackElo "2560"]
[WhiteFideId "8601283"]
[BlackFideId "4134974"]
[EventDate "2011.10.09"]

1. d4 Nf6 2. c4 e6 3. Nf3 b6 4. g3 Ba6 5. Qa4 Bb7 6. Bg2 c5 7. dxc5 bxc5 8. O-O
Be7 9. Nc3 O-O 10. Rd1 Qb6 11. Bf4 Rd8 12. Rd2 d6 13. Rad1 h6 14. h3 e5 15. Be3
Nc6 16. Nh2 Nd4 17. Ng4 Nd7 18. Nd5 Bxd5 19. Bxd5 Rab8 20. Bxh6 Qc7 21. Rxd4
exd4 22. Qc2 Ne5 23. Bf4 Rb6 24. Qe4 Bf8 25. Bg5 Re8 26. f4 Nxg4 27. Qxe8 Ne3
28. Bd8 Rb8 29. Qxf8+ Kxf8 30. Bxc7 Rxb2 31. Bxd6+ Ke8 32. Rc1 Nxd5 33. cxd5
Rxe2 34. Bxc5 d3 35. Rd1 1-0

[Event "Nalchik WGP 2011"]
[Site "Nalchik RUS"]
[Date "2011.10.17"]
[Round "8"]
[White "Galliamova, Alisa"]
[Black "Cmilyte, Viktorija"]
[Result "1/2-1/2"]
[WhiteTitle "IM"]
[BlackTitle "GM"]
[WhiteElo "2498"]
[BlackElo "2525"]
[WhiteFideId "4129725"]
[BlackFideId "12801259"]
[EventDate "2011.10.09"]

1. d4 Nf6 2. c4 e6 3. Nf3 c5 4. d5 d6 5. Nc3 exd5 6. cxd5 g6 7. Nd2 Nbd7 8. e4
Bg7 9. Be2 O-O 10. O-O Re8 11. a4 Ne5 12. Qc2 Bg4 13. f3 Bd7 14. Nd1 Nh5 15. g3
Bh3 16. Rf2 f5 17. exf5 gxf5 18. Bf1 Bxf1 19. Nxf1 Qd7 20. Nde3 Rf8 21. f4 Ng6
22. Bd2 Rae8 23. Bc3 Bd4 24. Qd3 Re4 25. Bxd4 Rxd4 26. Qb3 Nf6 27. Nc2 Re4 28.
Nd2 Re7 29. Re1 Rxe1+ 30. Nxe1 Qf7 31. Nef3 h6 32. Re2 Nxd5 33. Qd3 Ndxf4 34.
gxf4 Nxf4 35. Qe3 Nxe2+ 36. Qxe2 Re8 37. Qd3 d5 38. Kf2 c4 39. Qd4 Qe6 40. Qf4
Re7 41. Nd4 Qe1+ 42. Kf3 Qd1+ 43. Kf2 Qg4 44. Qb8+ Kh7 45. N2f3 Qe4 46. Qf8 f4
47. Nf5 Qe2+ 48. Kg1 Qd1+ 49. Kg2 Qe2+ 50. Kg1 Qd1+ 51. Kg2 Qe2+ 1/2-1/2

[Event "Nalchik WGP 2011"]
[Site "Nalchik RUS"]
[Date "2011.10.19"]
[Round "9"]
[White "Kosintseva, Nadezhda"]
[Black "Kovalevskaya, Ekaterina"]
[Result "0-1"]
[WhiteTitle "GM"]
[BlackTitle "IM"]
[WhiteElo "2560"]
[BlackElo "2421"]
[WhiteFideId "4134974"]
[BlackFideId "4116704"]
[EventDate "2011.10.09"]

1. e4 c5 2. Nf3 d6 3. d4 cxd4 4. Nxd4 Nf6 5. Nc3 Nc6 6. Bg5 Bd7 7. Qd2 Rc8 8. f4
Nxd4 9. Qxd4 Qa5 10. e5 dxe5 11. fxe5 e6 12. O-O-O Bc6 13. Nb5 Bxb5 14. exf6 Bc6
15. h4 g6 16. Bc4 Bc5 17. Qg4 h5 18. Qg3 Be4 19. Rhe1 Bf5 20. Rd5 Bg4 21. Bd2
Qb6 22. Qf4 Kf8 23. Rd3 Kg8 24. Bb3 Bf8 25. Qd4 Bc5 26. Qe5 Bf2 27. Rf1 Bf5 28.
Rc3 Rd8 29. Be3 Bxe3+ 30. Rxe3 Bg4 31. c3 Kh7 32. Bc2 Rd5 33. Qg3 Rhd8 34. Qf2
Qa6 35. Bb3 Rf5 36. Rf3 Bxf3 37. gxf3 Qb6 38. Qe2 Qd6 39. Bc2 Qf4+ 40. Kb1 Rd2
41. Qe1 Rxf6 42. Be4 e5 43. Rg1 Qh2 44. Kc1 Re2 45. Qd1 Rd6 0-1

[Event "Nalchik WGP 2011"]
[Site "Nalchik RUS"]
[Date "2011.10.19"]
[Round "9"]
[White "Cmilyte, Viktorija"]
[Black "Munguntuul, Batkhuyag"]
[Result "1/2-1/2"]
[WhiteTitle "GM"]
[BlackTitle "IM"]
[WhiteElo "2525"]
[BlackElo "2465"]
[WhiteFideId "12801259"]
[BlackFideId "4900758"]
[EventDate "2011.10.09"]

1. d4 d5 2. c4 c6 3. Nf3 Nf6 4. Nc3 Qb6 5. e3 Bf5 6. Bd3 Bxd3 7. Qxd3 Nbd7 8.
O-O e6 9. e4 dxe4 10. Nxe4 Be7 11. Bg5 Nxe4 12. Bxe7 Kxe7 13. Qxe4 Nf6 14. Qe3
Rhd8 15. Qa3+ Ke8 16. Rfe1 Qc7 17. Re5 Qe7 18. b4 Kf8 19. Qc3 Qc7 20. a4 Nd7 21.
Rh5 Nf6 22. Re5 Nd7 23. Rg5 h6 24. Rg3 Nf6 25. Re1 a5 26. b5 c5 27. Rh3 cxd4 28.
Nxd4 Qc5 29. Nb3 Qa3 30. Rhe3 Qxa4 31. Nc5 Qb4 32. Nxb7 Rd7 33. Qxb4+ axb4 34.
Nc5 Rd4 35. Rxe6 Rxc4 36. Rc6 Kg8 37. h3 b3 38. Nxb3 Rb4 39. Nd2 Rxb5 40. Nc4
Ra2 41. Rc8+ Kh7 42. Rf8 Rf5 43. Rxf7 Rfxf2 44. Ne3 Kg8 45. Re7 Nd5 46. Nxd5
Rxg2+ 47. Kh1 Rh2+ 1/2-1/2

[Event "Nalchik WGP 2011"]
[Site "Nalchik RUS"]
[Date "2011.10.20"]
[Round "10"]
[White "Kovalevskaya, Ekaterina"]
[Black "Galliamova, Alisa"]
[Result "1/2-1/2"]
[WhiteTitle "IM"]
[BlackTitle "IM"]
[WhiteElo "2421"]
[BlackElo "2498"]
[WhiteFideId "4116704"]
[BlackFideId "4129725"]
[EventDate "2011.10.09"]

1. e4 c5 2. Nf3 e6 3. c4 Nc6 4. Be2 g5 5. h3 Bg7 6. Nc3 d6 7. a3 h6 8. b4 Nge7
9. Bb2 Ng6 10. Na4 Nd4 11. Nxd4 cxd4 12. d3 O-O 13. O-O f5 14. exf5 exf5 15. Bf3
Kh8 16. Bc1 Nh4 17. Bd5 f4 18. Qh5 Bd7 19. Nb2 g4 20. g3 Nf3+ 21. Bxf3 gxf3 22.
Bxf4 Qe8 23. Qxf3 Bxh3 24. Rfe1 Qg6 25. Re7 b6 26. Rae1 Bg4 27. Qb7 Rad8 28. Kg2
Rxf4 29. Rxg7 Rxf2+ 30. Kxf2 Rf8+ 31. Kg1 Qxg7 32. Qxg7+ Kxg7 33. Re4 h5 34.
Rxd4 Re8 35. Re4 Rxe4 36. dxe4 Bf3 37. Kf2 Bxe4 38. Ke3 Bg2 39. Nd3 Kh6 40. c5
dxc5 41. bxc5 bxc5 42. Nxc5 Kg5 43. Ne6+ Kg4 44. Nf4 Bc6 45. Nxh5 Kxh5 46. Kd2 1/2-1/2

[Event "Nalchik WGP 2011"]
[Site "Nalchik RUS"]
[Date "2011.10.21"]
[Round "11"]
[White "Ju, Wenjun"]
[Black "Zhao, Xue"]
[Result "1-0"]
[WhiteTitle "WGM"]
[BlackTitle "GM"]
[WhiteElo "2536"]
[BlackElo "2497"]
[WhiteFideId "8603006"]
[BlackFideId "8601283"]
[EventDate "2011.10.09"]

1. c4 Nf6 2. Nc3 e5 3. Nf3 Nc6 4. d4 exd4 5. Nxd4 Bb4 6. Bg5 h6 7. Bh4 Bxc3+ 8.
bxc3 Ne5 9. f4 Ng6 10. Bxf6 Qxf6 11. g3 O-O 12. Bg2 a6 13. Qd3 d6 14. O-O Re8
15. Rab1 Rb8 16. Qd2 Ne7 17. Rfe1 Be6 18. Qd3 b6 19. e4 Rbd8 20. Rb2 Kh8 21. a3
Bc8 22. Rd2 Qg6 23. Rde2 Bd7 24. Rd2 Nc6 25. Nc2 Qh5 26. Qd5 Qxd5 27. cxd5 Na5
28. Bf1 Nb3 29. Rf2 Nc5 30. e5 Ba4 31. c4 c6 32. Nb4 cxd5 33. Nxd5 Rb8 34. Rfe2
dxe5 35. Rxe5 Rxe5 36. Rxe5 Kg8 37. Nxb6 Rxb6 38. Rxc5 Kf8 39. Ra5 Bc6 40. c5
Rb1 41. Kf2 Bb5 42. Bxb5 axb5 43. Ke3 b4 44. Rb5 Rb3+ 45. Kd4 Rxa3 46. Rxb4 Ke7
47. Kd5 g5 48. Rb7+ Kf6 49. fxg5+ hxg5 50. c6 Rd3+ 51. Kc4 Rd1 52. c7 Ke5 53.
Rb3 1-0